000 00230 a2200097 4500
001 18082
100 _aUNESCO
245 _aPolitics of educational planning in developing countries
260 _a
_bUNESCO
_c
090 _c13376
_d13376
942 _aNUST-CAE
_cM
_c3754
999 _c253155
_d253155